000 00364 a2200169 4500
001 190262
020 _a85-11-20014-2
040 _cMagnum
100 _aDefoe, Daniel
240 1 0 _aRobinson crusoƩ
_lpor
245 1 0 _aRobinson crusoƩ
300 _a80
362 0 _a1995
440 1 _aBrasiliense
697 _aLITERATURA JUVENIL ESTRANGEIRA
942 _cBK
999 _c190262
_d190262